000 00324nam a2200121Ia 4500
008 230907s9999||||xx |||||||||||||| ||und||
082 _a363.32516
_bWEI
245 0 _aChina and International Anti-Terrorism /
260 _aChina Intercontinental Press,
_c2019
300 _a268 p.
650 _aChinese Studies
942 _cBK
999 _c601670
_d601670